[Event "Mittelfranken-chTB2b 1819"]
[Site "Mittelfranken"]
[Date "2019.04.28"]
[Round "9.5"]
[White "Miederer, Karl"]
[Black "Loebel, Petra"]
[Result "1/2-1/2"]
[WhiteElo "1739"]
[BlackElo "1805"]
[PlyCount "30"]
[EventDate "2018.10.14"]
[EventType "team-tourn"]
[EventRounds "9"]
[EventCountry "GER"]
[SourceTitle "EXT 2022"]
[Source "ChessBase"]
[SourceDate "2021.10.06"]
[SourceVersion "1"]
[SourceVersionDate "2021.10.06"]
[SourceQuality "1"]
[WhiteTeam "Uttenreuth"]
[BlackTeam "Nuernberg Noris Tarrasch IV"]
[WhiteTeamCountry "GER"]
[BlackTeamCountry "GER"]

1. c4 e6 2. Nc3 f5 3. g3 Nf6 4. Bg2 d6 5. b4 Be7 6. e3 0-0 7. Nge2 Qe8 8. Nf4 c6 9. 0-0 e5 10. Nh3 Qh5 11. Qxh5 Nxh5 12. d4 Be6 13. d5 Bd7 14. Bd2 h6 15. dxc6 bxc6 1/2-1/2

[Event "Mittelfranken-chTB2b 1819"]
[Site "Mittelfranken"]
[Date "2019.02.10"]
[Round "5.6"]
[White "Loebel, Petra"]
[Black "Meyer, Harald"]
[Result "1-0"]
[WhiteElo "1805"]
[BlackElo "1634"]
[PlyCount "93"]
[EventDate "2018.10.14"]
[EventType "team-tourn"]
[EventRounds "9"]
[EventCountry "GER"]
[SourceTitle "EXT 2022"]
[Source "ChessBase"]
[SourceDate "2021.10.06"]
[SourceVersion "1"]
[SourceVersionDate "2021.10.06"]
[SourceQuality "1"]
[WhiteTeam "Nuernberg Noris Tarrasch IV"]
[BlackTeam "Grossenseebach"]
[WhiteTeamCountry "GER"]
[BlackTeamCountry "GER"]

1. e4 c5 2. Nc3 Nc6 3. g3 g6 4. Bg2 Bg7 5. d3 d6 6. Be3 Nf6 7. h3 Rb8 8. Nge2 Qc7 9. Qd2 b5 10. 0-0 0-0 11. Bh6 b4 12. Nd1 Bd7 13. Bxg7 Kxg7 14. Ne3 a5 15. f4 Qc8 16. f5 Ne5 17. c3 Bb5 18. c4 Ba6 19. b3 Nc6 20. Nd5 Nxd5 21. exd5 Ne5 22. Be4 Qe8 23. Rf2 Bc8 24. Raf1 gxf5 25. Bxf5 Bxf5 26. Rxf5 Ng6 27. Rh5 Rh8 28. Qh6+ Kg8 29. Nf4 Qf8 30. Nxg6 Qxh6 31. Nxe7+ Kf8 32. Rxh6 Kxe7 33. Rhf6 Rbf8 34. R1f3 Rhg8 35. Kf2 Rg5 36. Rh6 Rg7 37. Ke3 Re8 38. g4 Kd7+ 39. Kd2 Kc7 40. Rff6 Rd8 41. d4 cxd4 42. Kd3 Rd7 43. Kxd4 Rd8 44. c5 dxc5+ 45. Kxc5 Rg5 46. Rxf7+ Kb8 47. Rf5 1-0

[Event "Mittelfranken-chTB2b 1718"]
[Site "Mittelfranken"]
[Date "2018.04.08"]
[Round "7.5"]
[White "Loebel, Petra"]
[Black "Miederer, Karl"]
[Result "0-1"]
[WhiteElo "1806"]
[BlackElo "1744"]
[PlyCount "92"]
[EventDate "2017.10.08"]
[EventType "team-tourn"]
[EventRounds "9"]
[EventCountry "GER"]
[SourceTitle "EXT 2022"]
[Source "ChessBase"]
[SourceDate "2021.10.06"]
[SourceVersion "1"]
[SourceVersionDate "2021.10.06"]
[SourceQuality "1"]
[WhiteTeam "Nuernberg Noris Tarrasch IV"]
[BlackTeam "Uttenreuth"]
[WhiteTeamCountry "GER"]
[BlackTeamCountry "GER"]

1. e4 c5 2. Nc3 Nc6 3. g3 g6 4. Bg2 Bg7 5. d3 Nf6 6. Be3 d6 7. h3 0-0 8. Qd2 Re8 9. Nge2 Rb8 10. 0-0 Bd7 11. f4 b5 12. f5 b4 13. Nd1 Qc7 14. c3 a5 15. g4 Ne5 16. Ng3 Bb5 17. c4 Ba6 18. Nf2 Nfd7 19. g5 Bxc4 20. dxc4 Nxc4 21. Qe2 Nxe3 22. Qxe3 Bxb2 23. Rad1 c4 24. fxg6 hxg6 25. Qf4 Be5 26. Qf3 Rf8 27. Ne2 Qc5 28. h4 Bh8 29. Nf4 Bd4 30. Nd5 Rbe8 31. Bh3 Ne5 32. Qe2 Nd3 33. Rxd3 cxd3 34. Qxd3 e6 35. Nf6+ Bxf6 36. gxf6 Kh7 37. Kg2 Rh8 38. Rd1 Rd8 39. Qf3 Kg8 40. Kg3 Rc8 41. Bg4 Qe5+ 42. Kh3 Rc3 43. Nd3 Qg5 44. Qf2 Rc2 45. Be2 Rxe2 46. Qxe2 Rxh4# 0-1

[Event "GER-chT Federal Cup (Women)"]
[Site "Braunfels"]
[Date "2017.06.16"]
[Round "3.4"]
[White "Weinmann, Helene"]
[Black "Loebel, Petra"]
[Result "0-1"]
[WhiteElo "1595"]
[BlackElo "1870"]
[PlyCount "90"]
[EventDate "2017.06.15"]
[EventType "team-swiss"]
[EventRounds "5"]
[EventCountry "GER"]
[SourceTitle "CBM 179 Extra"]
[Source "ChessBase"]
[SourceDate "2017.08.23"]
[SourceVersion "1"]
[SourceVersionDate "2017.08.23"]
[SourceQuality "1"]
[WhiteTeam "Saarland (W)"]
[BlackTeam "Bayern (W)"]
[WhiteTeamCountry "GER"]
[BlackTeamCountry "GER"]

1. d4 e6 2. Nf3 f5 3. e3 Nf6 4. Nbd2 b6 5. Be2 Bb7 6. 0-0 Be7 7. Re1 0-0 8. Bd3 Ne4 9. Nb3 a5 10. c3 d5 11. Ne5 Nd7 12. Nxd7 Qxd7 13. Nd2 c5 14. Nf3 Bd6 15. Bc2 Qc7 16. Ne5 Bxe5 17. dxe5 Qxe5 18. f3 Nf6 19. Qe2 Ba6 20. Qf2 Rad8 21. Bd2 Qd6 22. Rad1 Qc6 23. b3 Nd7 24. Bc1 Ne5 25. Bb2 c4 26. bxc4 Nxc4 27. Bc1 Rc8 28. Bb3 Ne5 29. Qc2 b5 30. a3 b4 31. axb4 axb4 32. Bb2 bxc3 33. Ba3 Rfd8 34. Rd4 Bb5 35. Red1 Qb6 36. Kf2 Nc6 37. Rh4 Na5 38. Rb4 Qa6 39. Bc1 Nxb3 40. Qxb3 Bc4 41. Qa3 Qxa3 42. Bxa3 Ra8 43. Bc1 Rdb8 44. Rxb8+ Rxb8 45. e4 Rb1 0-1

[Event "Mittelfranken-chTB2b 1415"]
[Site "Mittelfranken"]
[Date "2014.11.16"]
[Round "3.5"]
[White "Kretschmer, Wolfgang"]
[Black "Loebel, Petra"]
[Result "0-1"]
[WhiteElo "1685"]
[BlackElo "1847"]
[PlyCount "108"]
[EventDate "2014.09.28"]
[EventType "team-tourn"]
[EventRounds "9"]
[EventCountry "GER"]
[SourceTitle "EXT 2020"]
[Source "ChessBase"]
[SourceDate "2019.10.17"]
[SourceVersion "1"]
[SourceVersionDate "2019.10.17"]
[SourceQuality "1"]
[WhiteTeam "Bubenreuth/Moehrendorf"]
[BlackTeam "Nuernberg NT IV"]
[WhiteTeamCountry "GER"]
[BlackTeamCountry "GER"]

1. c4 e5 2. Nc3 Nc6 3. g3 d6 4. Bg2 Be6 5. d3 Qd7 6. e3 g6 7. Nge2 Bh3 8. 0-0 h5 9. f4 h4 10. Rf2 hxg3 11. hxg3 Bxg2 12. Rxg2 Qh3 13. Kf2 Nf6 14. Qg1 Ng4+ 15. Ke1 0-0-0 16. a3 Na5 17. b4 Nb3 18. Rb1 Nxc1 19. Rxc1 Nxe3 20. Rf2 Qh1 21. Kd2 Qxg1 22. Rxg1 Ng4 23. Rfg2 Bg7 24. Ne4 d5 25. cxd5 Rxd5 26. N2c3 Rd7 27. Nc5 Rdd8 28. N5e4 f5 29. Ng5 e4 30. Ncxe4 fxe4 31. Nxe4 Bd4 32. Re1 Rh2 33. Rxh2 Nxh2 34. Re2 Ng4 35. Ng5 Bf6 36. Ne4 Rh8 37. Nxf6 Nxf6 38. Re6 Rf8 39. Re5 Kd7 40. Rg5 Rg8 41. Ke3 Ke7 42. Re5+ Kf7 43. Rc5 c6 44. b5 Re8+ 45. Kf3 Nd7 46. Rg5 c5 47. Rd5 Re7 48. g4 b6 49. g5 Ke6 50. Ke4 Rf7 51. a4 Rxf4+ 52. Kxf4 Kxd5 53. Ke3 Ne5 54. Ke2 Kd4 0-1

[Event "Mittelfranken-chTB2b 1415"]
[Site "Mittelfranken"]
[Date "2014.09.28"]
[Round "1.4"]
[White "Walter, Eugen"]
[Black "Loebel, Petra"]
[Result "0-1"]
[WhiteElo "1768"]
[BlackElo "1847"]
[PlyCount "64"]
[EventDate "2014.09.28"]
[EventType "team-tourn"]
[EventRounds "9"]
[EventCountry "GER"]
[SourceTitle "EXT 2020"]
[Source "ChessBase"]
[SourceDate "2019.10.17"]
[SourceVersion "1"]
[SourceVersionDate "2019.10.17"]
[SourceQuality "1"]
[WhiteTeam "Forchheim III"]
[BlackTeam "Nuernberg NT IV"]
[WhiteTeamCountry "GER"]
[BlackTeamCountry "GER"]

1. Nf3 d6 2. b3 e5 3. d3 Nc6 4. Bb2 Be6 5. Nbd2 g6 6. c4 Bg7 7. a3 h6 8. b4 Qd7 9. Nb3 f5 10. e3 Nge7 11. Qc2 0-0 12. 0-0-0 a5 13. b5 Nd8 14. a4 c6 15. Kb1 cxb5 16. axb5 a4 17. Nc1 a3 18. Bc3 b6 19. Na2 Nb7 20. d4 e4 21. Nd2 d5 22. Bb4 Rfc8 23. c5 bxc5 24. dxc5 d4 25. Nc4 d3 26. Qc1 Qxb5 27. Nb6 Bxa2+ 28. Kxa2 Qxb4 29. Nxa8 Rxa8 30. c6 Qb2+ 31. Qxb2 axb2+ 32. Kb3 Nxc6 0-1

[Event "Mittelfranken-chTB1 1314"]
[Site "Mittelfranken"]
[Date "2014.01.12"]
[Round "4.8"]
[White "Hoffmann, Ayar"]
[Black "Loebel, Petra"]
[Result "1-0"]
[WhiteElo "1814"]
[BlackElo "1847"]
[PlyCount "69"]
[EventDate "2013.10.20"]
[EventType "team-tourn"]
[EventRounds "9"]
[EventCountry "GER"]
[SourceTitle "EXT 2020"]
[Source "ChessBase"]
[SourceDate "2019.10.17"]
[SourceVersion "1"]
[SourceVersionDate "2019.10.17"]
[SourceQuality "1"]
[WhiteTeam "Postbauer Heng"]
[BlackTeam "Nuernberg NT III"]
[WhiteTeamCountry "GER"]
[BlackTeamCountry "GER"]

1. c4 e5 2. Nc3 Nc6 3. g3 d6 4. Bg2 Be6 5. d3 g6 6. Rb1 Bg7 7. b4 Qd7 8. b5 Nd8 9. a4 c6 10. Ba3 Nf6 11. Qc2 0-0 12. Nf3 h6 13. 0-0 Ne8 14. Rfd1 c5 15. Nd5 Bxd5 16. cxd5 f5 17. e3 f4 18. exf4 exf4 19. Bb2 fxg3 20. hxg3 Qg4 21. Nh2 Qf5 22. Be4 Qh5 23. d4 Bxd4 24. Bxd4 cxd4 25. Bxg6 Qxd5 26. Bxe8 Rxe8 27. Qg6+ Kf8 28. Qxh6+ Kf7 29. Qf4+ Ke7 30. Rxd4 Qc5 31. Rc1 Ne6 32. Qh4+ Qg5 33. Rc7+ Kf6 34. Ng4+ Kf5 35. Rd5+ 1-0

[Event "Mittelfranken-chTB2b 1213"]
[Site "Germany"]
[Date "2012.12.16"]
[Round "5.8"]
[White "Hetzner, Helmut"]
[Black "Loebel, Petra"]
[Result "1-0"]
[WhiteElo "1802"]
[BlackElo "1798"]
[PlyCount "91"]
[EventDate "2012.10.07"]
[EventType "team-tourn"]
[EventRounds "9"]
[EventCountry "GER"]
[SourceTitle "EXT 2019"]
[Source "ChessBase"]
[SourceDate "2018.10.10"]
[SourceVersion "1"]
[SourceVersionDate "2018.10.10"]
[SourceQuality "1"]
[WhiteTeam "Muehlhof/Schwabach"]
[BlackTeam "Nuernberg NT IV"]
[WhiteTeamCountry "GER"]
[BlackTeamCountry "GER"]

1. e4 e6 2. d4 d5 3. Nc3 Bb4 4. e5 b6 5. a3 Bf8 6. b4 Qd7 7. Be3 Nc6 8. Bb5 Bb7 9. Nge2 f6 10. 0-0 fxe5 11. dxe5 a6 12. Bxc6 Qxc6 13. Qd4 Ne7 14. Ng3 Ng6 15. f4 0-0-0 16. Rad1 h5 17. f5 Ne7 18. h4 Qd7 19. Bg5 exf5 20. Bxe7 Bxe7 21. Nxf5 c5 22. Qf4 Rhf8 23. e6 Qe8 24. Na4 Bc6 25. bxc5 b5 26. Nb6+ Kb7 27. Qb4 g6 28. Nd4 Bf6 29. Nxc6 Qxc6 30. Nxd5 Rxd5 31. Rxd5 Qxd5 32. c6+ Kxc6 33. Qxf8 Qd4+ 34. Rf2 Bxh4 35. Qf3+ Kd6 36. g3 Be7 37. Qf7 Qa1+ 38. Kg2 Qxa3 39. Rd2+ Ke5 40. Qxg6 Qc3 41. Re2+ Kd6 42. Qxh5 Qc4 43. Qe5+ Kc6 44. Qe4+ Kc5 45. Qxc4+ Kxc4 46. Rd2 1-0

[Event "Pyramiden Franken Cup 3rd"]
[Site "Fuerth"]
[Date "2000.08.22"]
[Round "4"]
[White "Loebel, Petra"]
[Black "Betz, Egon"]
[Result "0-1"]
[WhiteElo "1798"]
[BlackElo "1894"]
[PlyCount "104"]
[EventDate "2000.08.19"]
[EventType "swiss"]
[EventRounds "9"]
[EventCountry "GER"]
[SourceTitle "EXT 2010"]
[Source "ChessBase"]
[SourceDate "2010.11.25"]
[SourceVersion "1"]
[SourceVersionDate "2010.11.25"]
[SourceQuality "1"]

1. e4 c5 2. Nc3 Nc6 3. g3 g6 4. Bg2 Bg7 5. d3 e6 6. Be3 d6 7. Qd2 a6 8. Nge2 Rb8 9. 0-0 b5 10. f4 Nge7 11. e5 dxe5 12. Bxc5 Bb7 13. Ne4 0-0 14. Bd6 Qb6+ 15. Bc5 Qd8 16. Kh1 exf4 17. Qxf4 e5 18. Qf2 f5 19. N4c3 Rf7 20. Ng1 Qd7 21. Rad1 Nd4 22. Nf3 Nxf3 23. Bxf3 Rc8 24. Bxb7 Qxb7+ 25. Kg1 Qc6 26. b4 Nd5 27. Ne2 Nc7 28. d4 e4 29. Nf4 Nd5 30. Nxd5 Qxd5 31. c3 Bh6 32. Rde1 Re8 33. Qc2 Rf6 34. Qb3 Qxb3 35. axb3 Bd2 36. Re2 e3 37. c4 Re4 38. Rf4 Rfe6 39. Rxe4 Rxe4 40. d5 Kf7 41. Kg2 g5 42. h3 g4 43. hxg4 fxg4 44. Kf1 Kf6 45. Rh2 bxc4 46. bxc4 Rxc4 47. Ke2 Bxb4 48. Bxb4 Rc2+ 49. Kxe3 Rxh2 50. Kd4 Rc2 51. Kd3 Rc8 52. Bd2 Ke5 0-1

[Event "Mittelfranken-ch QT 49th"]
[Site "Ansbach"]
[Date "2000.??.??"]
[Round "5"]
[White "Loebel, Petra"]
[Black "Arlt, Birgit"]
[Result "0-1"]
[WhiteElo "1833"]
[BlackElo "1791"]
[PlyCount "92"]
[EventDate "2000.04.19"]
[EventType "swiss"]
[EventRounds "7"]
[EventCountry "GER"]
[SourceTitle "EXT 2015"]
[Source "ChessBase"]
[SourceDate "2014.11.20"]
[SourceVersion "1"]
[SourceVersionDate "2014.11.20"]
[SourceQuality "1"]

1. e4 e5 2. Bc4 Nf6 3. d3 Nc6 4. Nc3 Be7 5. Nge2 0-0 6. 0-0 Bc5 7. Bg5 h6 8. Be3 Nd4 9. Na4 Nxe2+ 10. Qxe2 Bxe3 11. fxe3 c6 12. Nc3 d5 13. exd5 cxd5 14. Bb3 b6 15. Qf3 Bb7 16. d4 exd4 17. exd4 Ne4 18. Rad1 Kh8 19. Ne2 Qg5 20. Qf4 Rad8 21. Qxg5 Nxg5 22. Nf4 Ne4 23. Rfe1 Rfe8 24. Re3 g5 25. Nd3 Kg7 26. Rde1 f5 27. g3 a5 28. c3 Rf8 29. Bd1 Ba6 30. Ne5 Rd6 31. Bh5 Nf6 32. Bf3 Ne4 33. Bxe4 fxe4 34. c4 dxc4 35. Rxe4 Rfd8 36. Rd1 b5 37. h4 Bb7 38. Rg4 Bc8 39. Re4 Bf5 40. Ree1 Rxd4 41. Rxd4 Rxd4 42. hxg5 hxg5 43. Nf3 Rd3 44. Rf1 Be4 45. Ne1 Rxg3+ 46. Kh2 Re3 0-1